Statistics for Icons on FIFA (UPDATE FIFA 23)

Click here to take the quiz!

General Stats

  • This quiz has been taken 246 times
    (176 since last reset)
  • The average score is 80 of 168

Answer Stats

Icônes FIFA 22% Correct
Abedi Pelé
95%
Pelé
94%
Ronaldo
90%
Ronaldinho
81%
Maldini
79%
Maradona
79%
Zidane
79%
Roberto Carlos
74%
Gullit
71%
Lahm
71%
Xavi
71%
Henry
68%
Yashin
68%
Cruyff
67%
Garrincha
67%
Lampard
66%
Cafu
63%
Carlos Alberto
63%
Gerrard
63%
Nesta
63%
Puyol
63%
van der Sar
63%
A.Cole
62%
J.Cole
62%
van Basten
62%
Nakata
61%
Beckham
60%
Cannavaro
60%
Casillas
60%
Eusebio
60%
Kaka
60%
Muller
60%
Rivaldo
60%
Jairzinho
59%
Matthaus
58%
Campbell
57%
Okocha
57%
Owen
57%
Rijkaard
57%
Schmeichel
56%
Scholes
56%
Veron
56%
Ferdinand
55%
Petit
55%
Puskas
55%
Vieira
55%
Zanetti
55%
Baresi
54%
Beckenbauer
54%
Crespo
54%
Desailly
54%
Figo
54%
Ginola
54%
Keane
54%
Pires
54%
Pirlo
54%
Rush
54%
Socrates
54%
Best
53%
Blanc
52%
Cech
52%
Koeman
52%
Lineker
52%
Moore
52%
Shevchenko
52%
Zambrotta
52%
Hernandez
51%
Klose
51%
Nedved
51%
Schweinsteiger
51%
B.Laudrup
50%
Del Piero
50%
Drogba
50%
Eto'o
50%
M.Laudrup
50%
Butragueno
49%
Riquelme
49%
Rooney
49%
Sanchez
49%
Torres
49%
van Nistelrooy
49%
Ballack
48%
Gattuso
48%
Hierro
48%
Rui Costa
48%
Shearer
48%
Vidic
48%
Baggio
47%
Larsson
47%
Lùcio
47%
Vieri
47%
Donovan
46%
Giggs
46%
Makélélé
46%
Touré
46%
van Persie
46%
Bergkamp
45%
Forlan
45%
Inzaghi
45%
Al Owairan
44%
Barnes
44%
Cantona
44%
Trezeguet
44%
Voller
44%
Capdevila
43%
Essien
43%
Raul
43%
Stoichkov
43%
Dalglish
42%
Park Ji-Sung
42%
Seedorf
42%
Dudek
41%
Litmanen
41%
Ljungberg
41%
Wright
41%
Xabi Alonso
41%
Kluivert
40%
Lehmann
40%
Deco
39%
Marchisio
39%
Mascherano
39%
Zola
39%
Guardiola
38%
Marquez
38%
Overmars
38%
Smolarek
38%
Suker
38%
Weah
38%
Al Jaber
37%
Campos
37%
Crouch
37%
Kohler
37%
Cahill
36%
Hagi
36%
Carvalho
35%
Dempsey
35%
Kewell
35%
King
35%
Papin
35%
Gomez
34%
Solskjaer
33%
Brolin
32%
Di Natale
31%
Morientes
31%
Romario
31%
Cordoba
30%
Seaman
30%
Kuyt
29%
Milito
29%
Govou
27%
Valderrama
25%
Mostovoi
24%
Neville
24%
Ricken
24%
Paulo Futre
23%
Brehme
21%
Carragher
21%
Sheringham
21%
Lalas
20%
Baia
19%
Fowler
19%
Bierhoff
17%
de Boer
17%
Pauleta
15%
Effenberg
13%

Score Distribution

Percentile by Number Answered

Percent of People with Each Score

Your Score History

You have not taken this quiz since the last reset